00634 a2200145 4500003000500000005001700005040000900022082001200031100002000043245004700063260003000110300001200140505031500152650002100467NUST20221124180836.0 cNust a530,CHA aChaudhary, Z.A. aA hand book of Physics XI /cZ.A.Chaudhary aMajeed SonsbLahorec2009 a464 p.: aMeasurement (Page-1), Vectors And Equilibrium (Page-37), Motion and Energy (Page-149), Circular Motion(Page-187), Fluid Dynamics (Page-233), Oscillations (Page-257), Waves (Page-297), Physical Optics (Page-345), Optical Instruments (Page-383), Heat and Thermodynamics (Page-417), Things to Remember (Page-457). aQuestion- Answer